000 00646nam a22001937a 4500
003 OSt
005 20260306054922.0
008 260306b |||||||| |||| 00| 0 eng d
020 _a978-621-406-410-6
040 _aDWCL-Main lib
_cOC
082 _aFil. 658 C183f 2025
100 _aCamilar-Serrano, Angelita Ong
245 _aFranchising:
_bconcepts, operations, and growth strategies
_cAngelita Ong Camilar-Serrano
260 _aManila, Philippines:
_bMindshapers,
_cc2025.
300 _axii, 203 pages:
_c25 cm.
504 _aIncludes bibliographical references.
650 _a1. Franchises (Retail trade).
942 _2ddc
_cBK - FIL
_kFil.
_n0
999 _c8702
_d8702